000 02038nam a22002777a 4500
999 _c62667
_d62667
003 Ge_BSU
005 20250121104952.0
008 250121s2023 ge ||||| |||| 00| 0 geo d
020 _a9789941859182
041 _ageo
080 _a27-242 ბ-91
100 _aბრეგვაძე, ბაჩანა
_93536
245 _aთხზულებანი. ტომი 1, ძველი აღთქმის არაკანონიკური ტესტები. პირველსახარება იაკობისა /
_c ბაჩანა ბრეგვაძე; სარედაქციო საბჭო: ანდრო ბედუკაძე (პროექტის ავტორი და მთ. რედაქტორი), ივანე ამირხანაშვილი, ლევან თითმერია [და სხვა]; ტომის რედაქტორი ანდრო ბედუკაძე.
264 _aთბილისი :
_bილიას ფონდი,
_c2023.
300 _a452 გვ. ;
_b21 სმ.
490 _aპრემია "საგურამოს" ბიბლიოთეკა
653 _aძველი აღთქმა
653 _aიაკობის სახარება
700 _aბედუკაძე, ანდრო
_eპროექტის ავტორი, მთ. რედაქტორი, ტომის რედაქტორი.
_924061
700 _aამირხანაშვილი, ივანე
_e რედაქტორი
_924063
700 _aთითმერია, ლევან
_eრედაქტორი.
_923741
700 _aუსანეთაშვილი, ვაჟა
_e რედაქტორი
_924064
700 _aჩხეიძე, როსტომ
_eრედაქტორი
_91213
700 _aშერაზადიშვილი, უჩა
_eრედაქტორი
_924065
942 _2udc
_cᲬᲘᲒᲜᲘ